Computational methods for integral equations / (Record no. 181873)
[ view plain ]
| 000 -LEADER | |
|---|---|
| fixed length control field | 01223 a2200229 4500 |
| 003 - CONTROL NUMBER IDENTIFIER | |
| control field | Nust |
| 005 - DATE AND TIME OF LATEST TRANSACTION | |
| control field | 20230222114106.0 |
| 010 ## - LIBRARY OF CONGRESS CONTROL NUMBER | |
| LC control number | 84004275 |
| 020 ## - INTERNATIONAL STANDARD BOOK NUMBER | |
| International Standard Book Number | 0521266297 |
| 040 ## - CATALOGING SOURCE | |
| Transcribing agency | Nust |
| 082 00 - DEWEY DECIMAL CLASSIFICATION NUMBER | |
| Classification number | 515.45,DEL |
| 100 1# - MAIN ENTRY--PERSONAL NAME | |
| Personal name | Delves, L. M. |
| 9 (RLIN) | 109457 |
| 245 10 - TITLE STATEMENT | |
| Title | Computational methods for integral equations / |
| Statement of responsibility, etc. | L.M. Delves & J.L. Mohamed. |
| 260 ## - PUBLICATION, DISTRIBUTION, ETC. | |
| Place of publication, distribution, etc. | Cambridge [Cambridgeshire] ; |
| -- | New York : |
| Name of publisher, distributor, etc. | Cambridge University Press, |
| Date of publication, distribution, etc. | 1985. |
| 300 ## - PHYSICAL DESCRIPTION | |
| Extent | xii, 376 p. : |
| Other physical details | ill. ; |
| Dimensions | 24 cm. |
| 505 ## - FORMATTED CONTENTS NOTE | |
| Formatted contents note | Introduction And Preliminaries (Page-1), The Space (Page-12), Numerical Quadrature (Page-24), Introduction To The Theory Of Linear Integral (Page-66), The Nystrom (Page-80), Quadrature Methods For Voltera (Page-115), Numerical Techniques For Expansion Methods (Page-189), Singular Integral Equations (Page-261), Integral Equations Of The First Kind (Page-299), Integro Differential Equations (Page-326). |
| 650 #0 - SUBJECT ADDED ENTRY--TOPICAL TERM | |
| Topical term or geographic name entry element | Integral equations |
| General subdivision | Numerical solutions. |
| 9 (RLIN) | 109458 |
| 700 1# - ADDED ENTRY--PERSONAL NAME | |
| Personal name | Mohamed, J. L. |
| 9 (RLIN) | 109459 |
| 856 42 - ELECTRONIC LOCATION AND ACCESS | |
| Materials specified | Publisher description |
| Uniform Resource Identifier | <a href="http://www.loc.gov/catdir/description/cam031/84004275.html">http://www.loc.gov/catdir/description/cam031/84004275.html</a> |
| 856 42 - ELECTRONIC LOCATION AND ACCESS | |
| Materials specified | Table of contents only |
| Uniform Resource Identifier | <a href="http://www.loc.gov/catdir/enhancements/fy0901/84004275-t.html">http://www.loc.gov/catdir/enhancements/fy0901/84004275-t.html</a> |
| 942 ## - ADDED ENTRY ELEMENTS (KOHA) | |
| Source of classification or shelving scheme | |
| Koha item type | Book |
| Withdrawn status | Lost status | Source of classification or shelving scheme | Damaged status | Not for loan | Permanent Location | Current Location | Shelving location | Date acquired | Full call number | Barcode | Date last seen | Price effective from | Koha item type | Public note | Total Checkouts |
|---|---|---|---|---|---|---|---|---|---|---|---|---|---|---|---|
| Military College of Signals (MCS) | Military College of Signals (MCS) | General Stacks | 12/12/2016 | 515.45,DEL | MCS490 | 12/08/2016 | 12/12/2016 | Book | Almirah No.82, Shelf No.4 | ||||||
| Military College of Signals (MCS) | Military College of Signals (MCS) | General Stacks | 12/12/2016 | 515.45,DEL | MCS491 | 12/08/2016 | 12/12/2016 | Book | Almirah No.71, Shelf No.2 | ||||||
| Military College of Signals (MCS) | Military College of Signals (MCS) | General Stacks | 02/22/2023 | 515.45,DEL | MCS492 | 02/22/2023 | 02/22/2023 | Book | Almirah No.71, Shelf No.2 |
